Text book of linear algebra: (Record no. 164604)

MARC details
000 -LEADER
fixed length control field 00747nam a22002057a 4500
005 - DATE AND TIME OF LATEST TRANSACTION
control field 20190523123157.0
010 ## - LCCN (DPL NO)
LC control number B-162367
020 ## - INTERNATIONAL STANDARD BOOK NUMBER
International Standard Book Number 8177645919
Terms of availability 00.00
035 ## - SYSTEM CONTROL NUMBER
System control number B-162367
037 ## - SOURCE OF ACQUISITION
Source of stock number/acquisition DBAD/PUB
082 ## - DEWEY DECIMAL CLASSIFICATION NUMBER
Classification number 512.5
100 ## - MAIN ENTRY--PERSONAL NAME
Personal name Adhikari, M.R.
245 ## - TITLE STATEMENT
Title Text book of linear algebra:
Remainder of title An introduction to modern algebra/
Statement of responsibility, etc M.R. Adhikari (and) Avishek Adhikari
260 ## - PUBLICATION, DISTRIBUTION, ETC. (IMPRINT)
Place of publication, distribution, etc New Delhi
Name of publisher, distributor, etc Allied publications pvt. ltd.
Date of publication, distribution, etc 2004
270 ## - ADDRESS
Address A-104 Mayapuri, phase II,
City new Delhi
Postal code 110064
300 ## - PHYSICAL DESCRIPTION
Extent xiii,510p.
Dimensions 25cm.(Hbk)
500 ## - GENERAL NOTE
General note it includes Bibliography and index.
942 ## - ADDED ENTRY ELEMENTS (KOHA)
Source of classification or shelving scheme Dewey Decimal Classification
Item type English Books
Classification part 512.5
Call number suffix ADH
Holdings
Withdrawn status Lost status Not for loan Collection code Home library Current library Date acquired Source of acquisition Cost, normal purchase price Full call number Barcode Copy number Cost, replacement price Koha item type
    Ordered Non-fiction Central Library Central Library 23/05/2019 DBAD/PUB 0.00 512.5 ADH B-162367 1 0.00 English Books

© Delhi Public Library
Hit Counter
free hit counter